Zdokonalování řízení rozvoje vědy a techniky ve VHJ s chemickou výrobou v podmienkach decentralizácie výpočtovej techniky
Salvato in:
| Autore principale: | |
|---|---|
| Ente Autore: | |
| Altri autori: | |
| Natura: | Libro |
| Lingua: | ceco |
| Pubblicazione: |
Bratislava
1984
|
| Tags: |
Nessun Tag, puoi essere il primo ad aggiungerne!!
|
MARC
| LEADER | 00000nam a2200000 4500 | ||
|---|---|---|---|
| 001 | c036295 | ||
| 005 | 20221220090004.7 | ||
| 041 | 0 | |a cze | |
| 044 | |a SK | ||
| 245 | 1 | 0 | |a Zdokonalování řízení rozvoje vědy a techniky ve VHJ s chemickou výrobou |b v podmienkach decentralizácie výpočtovej techniky |c Ján Szunyog ; Ved. práce Ján Dzurko |
| 264 | 1 | |a Bratislava |c 1984 | |
| 300 | |a 142 s. | ||
| 100 | 1 | |a Szunyog, Ján | |
| 700 | 1 | |a Dzurko, Ján | |
| 710 | 2 | |a Vysoká škola ekonomická v Bratislave. Fakulta riadenia | |